Centrum Chorvatskej kultury - Jarovce

Gespeichert in:
Bibliographische Detailangaben
1. Verfasser: Švehlová, Katarína (Verfasst von)
Weitere Verfasser: Kosnáč, Pavel (Betreuung Doktorarbeit)
Format: Manuskript Buch
Sprache:Slowakisch
Veröffentlicht: 2025
Schlagworte:
Online-Zugang:http://is.stuba.sk/zp/portal_zp.pl?podrobnosti=168456
Tags: Tag hinzufügen
Keine Tags, Fügen Sie das erste Tag hinzu!

MARC

LEADER 00000ntm a22000003a 4500
001 stuzp105478
003 SK-STU
005 20250614213848.9
007 ta
008 150427s2015----xo-----f-mn---000-0-slo-d
040 |a STU  |b slo 
041 0 |a slo 
100 1 |a Švehlová, Katarína  |u 051110  |4 aut  |U FAD Fakulta architektúry a dizajnu  |T FAD Ústav architektúry obytných budov  |X 115772  |U A1110  |Y 392  |7 115772 
242 0 1 |a Croatian Cultural Center  |y eng 
245 1 0 |a Centrum Chorvatskej kultury - Jarovce 
260 |c 2025 
650 4 |a croatian culture  |2 eng 
650 4 |a community center  |2 eng 
650 4 |a Jarovce  |2 eng 
650 4 |a public space  |2 eng 
650 4 |a verejný priestor  |2 slo 
650 4 |a chorvátska kultúra  |2 slo 
650 4 |a komunitné centrum  |2 slo 
650 4 |a Jarovce  |2 slo 
700 1 |a Kosnáč, Pavel  |4 ths  |X 4204  |7 A000004204 
856 4 |u http://is.stuba.sk/zp/portal_zp.pl?podrobnosti=168456